000 00895nam a22002777a 4500
001 BR7704745
003 BR-BrBNA
005 20230928085415.0
007 ta
008 230509b bl.||||| |||| 00| 0 por d
040 _aBR-BrBNA
_bpor
_cBiblioteca Nacional de Agricultura
041 _a(Por)
072 _aE30; E15
_b/G514
090 _ E30 BR7704745
110 1 _aSubsecretaria de Planejamento e Orcamento, Brasilia, DF (Brasil)
245 1 _aPRODENOR. Consolidacao fisico-financeira dos projetos ate 31.12.77 [Programa Especial do Norte Fluminense, Rio de Janeiro, Brasil]
260 3 _aBrasilia, DF (Brasil):
_c[nd].
300 _a24 p.
500 _aNumerical data; Published 1977?
650 _aPROJETO DE DESENVOLVIMENTO
650 _aPOLITICA DE DESENVOLVIMENTO
650 _aORCAMENTO
650 _aRIO DE JANEIRO
909 _a202309
_bLucia
_c55
_dLucia Elande
942 _cBK
999 _c24261
_d24261